Meranie požiarno-technických charakteristík uhlia v závislosti na veľkosti častíc

Gespeichert in:
Bibliographische Detailangaben
1. Verfasser: Fehér, László (Verfasst von)
Weitere Verfasser: Kuracina, Richard (Betreuung Doktorarbeit)
Format: Manuskript Buch
Sprache:Slowakisch
Veröffentlicht: 2019
Schlagworte:
Online-Zugang:http://is.stuba.sk/zp/portal_zp.pl?podrobnosti=143526
Tags: Tag hinzufügen
Keine Tags, Fügen Sie das erste Tag hinzu!

MARC

LEADER 00000ntm a22000003a 4500
001 stuzp74061
003 SK-STU
005 20190608212805.8
007 ta
008 150427s2015----xo-----f-mn---000-0-slo-d
040 |a STU  |b slo 
041 0 |a slo 
100 1 |a Fehér, László  |u 065000  |k Z4  |4 aut  |U MTF Materiálovotechnologická fakulta  |T MTF Ústav integrovanej bezpečnosti  |X 71822  |U M5000  |Y 85  |7 71822 
242 0 1 |a Measurement of fire characteristics of coal in dependence of particle size  |y eng 
245 1 0 |a Meranie požiarno-technických charakteristík uhlia v závislosti na veľkosti častíc 
260 |c 2019 
650 4 |a prach  |2 slo 
650 4 |a uhlie  |2 slo 
650 4 |a vznietenie  |2 slo 
650 4 |a minimálna teplota  |2 slo 
650 4 |a ignition  |2 eng 
650 4 |a minimal  |2 eng 
650 4 |a temperature  |2 eng 
650 4 |a dust  |2 eng 
650 4 |a coal  |2 eng 
700 1 |a Kuracina, Richard  |u 065200  |k Z1  |4 ths  |U MTF Ústav integrovanej bezpečnosti  |T MTF Katedra bezpečnostného inžinierstva  |X 38282  |U M5200  |Y 192  |7 A000038282 
856 4 |u http://is.stuba.sk/zp/portal_zp.pl?podrobnosti=143526 
996 |c M* DP-13907  |l MMSKP  |s P  |a 0  |w stuzp74061_0001